Statistics for Pitchers to have 20+ homers

Click here to take the quiz!

General Stats

  • This quiz has been taken 8 times
  • The average score is 3 of 15

Answer Stats

HintAnswer% Correct
167*Shohei Ohtani
100%
24Bob Gibson
38%
29Don Drysdale
38%
37Bob Lemon
25%
35Warren Spahn
25%
24Carlos Zambrano
13%
20Dizzy Trout
13%
38Wes Ferrell
13%
35Earl Wilson
0%
21Jack Harshman
0%
35Jack Stivetts
0%
24John Clarkson
0%
20Milt Pappas
0%
36Red Ruffing
0%
24Walter Johnson
0%

Score Distribution

Percentile by Number Answered

Percent of People with Each Score

Your Score History

You have not taken this quiz